000 01223nam a2200277Ia 4500
999 _c19847
_d19847
001 20860
003 DO-CoUTE
005 20260204212515.0
008 220102s9999 dr 000 0 spa d
040 _aDO-CoUTE
_bspa
_cDO-CoUTE
041 0 _aspa
090 _aGCE 2020 C17
100 1 _aCastro Rosa, Kendy María Ysabel
_esustentante
245 1 0 _aManual de gestión de riesgo para Los Centros Educativos del Nivel Primario caso Distrito Municipal La Bija / Kendy María Ysabel Castro Rosa, Yenny Altagracia Fabian Díaz ; asesor Jaime Arismendi Acosta Padilla
260 _aCotuí, República Dominicana :
_bUTECO,
_c2020
300 _axi, 51 hojas :
_bIlustraciones ;
_c28cm.
502 _aTesis (Maestría en Gestión de Centros Educativos) --Universidad Tecnológica del Cibao Oriental, 2020
504 _aIncluye referencia bibliográfica e índice
650 4 _aGestión de riesgo - manual
700 1 _aFabian Díaz, Yenny Altagracia
_esustentante
700 1 _aAcosta Padilla, Jaime Arismendi
_easesor
830 0 _aTesis y disertaciones académicas (Universidad Tecnológica del Cibao Oriental)
942 _2LC
_cTH